Statistics for Regions of Western Europe on the Map

Click here to take the quiz!

General Stats

  • This quiz has been taken 5,581 times
    (1,246 since last reset)
  • The average score is 112 of 302

Answers on the Map

Answers color-coded by a green-red scale on the quiz's map according to % correct below.
Loading ...
 

Answer Stats

CountryRegions% Correct
United KingdomWales
97%
United KingdomEngland
97%
United KingdomScotland
97%
MaltaNorthern
97%
United KingdomNorthern Ireland
92%
ItalySicily
90%
ItalySardinia
90%
GermanyBerlin
89%
GermanyBavaria
89%
FranceCorsica
89%
SpainCatalonia
88%
SpainMadrid
86%
FranceNormandy
85%
FranceBrittany
85%
AustriaVienna
83%
GermanyHamburg
81%
Iceland | MaltaSouthern
81%
GreeceCrete
81%
NorwayOslo
81%
PortugalLisbon
81%
IrelandDublin
80%
SwedenStockholm
80%
ItalyTuscany
79%
SpainBasque Country
77%
SpainAndalusia
76%
IcelandWestern
76%
BelgiumFlanders
76%
SpainGalicia
75%
ItalyLombardy
75%
GermanySaxony
75%
SwitzerlandBern
74%
SpainValencia
74%
BelgiumWallonia
73%
PortugalPorto
73%
FranceÎle-de-France
72%
SwitzerlandZürich
72%
BelgiumBrussels
72%
IcelandEastern
71%
SpainAragon
71%
SwitzerlandGeneva
71%
SpainBalearic Islands
70%
FranceProvence-Alpes-Côte d'Azur
70%
AustriaTyrol
69%
GermanyBremen
69%
IrelandCork
69%
SpainCastile and León
69%
SpainCanary Islands
68%
DenmarkCapital Region
68%
LuxembourgLuxembourg
67%
ItalyLazio
67%
ItalyVeneto
67%
DenmarkZealand
67%
GermanyBrandenburg
66%
IcelandCapital Region
66%
GermanyBaden-Württemberg
66%
GermanyNorth Rhine-Westphalia
65%
GermanySaarland
65%
ItalyPiedmont
64%
NetherlandsZeeland
64%
GermanyLower Saxony
63%
United KingdomIsle of Man
63%
MaltaCentral
63%
ItalyTrentino-Alto Adige
62%
SpainNavarre
61%
GermanyMecklenburg-Vorpommern
60%
GermanyRhineland-Palatinate
60%
GermanySchleswig-Holstein
59%
ItalyCalabria
59%
PortugalFaro
59%
MonacoMonaco-Ville
59%
FranceNouvelle Aquitaine
58%
ItalyLiguria
58%
SpainMurcia
58%
ItalyEmilia-Romagna
58%
LiechtensteinVaduz
57%
FinlandLapland
57%
FranceBourgogne Franche-Comté
57%
AustriaSalzburg
57%
PortugalAzores
56%
AndorraAndorra la Vella
56%
GermanyHesse
56%
SpainExtremadura
55%
SpainAsturias
55%
FrancePays de la Loire
54%
NetherlandsNorth Holland
54%
SpainCastilla-La Mancha
54%
FranceGrand Est
53%
FranceOccitania
53%
San MarinoSan Marino
52%
NetherlandsSouth Holland
52%
GermanySaxony-Anhalt
52%
ItalyAosta Valley
51%
ItalyApulia
51%
GermanyThuringia
51%
FranceCentre Val de Loire
51%
FranceAuvergne-Rhône-Alpes
50%
NetherlandsFriesland
50%
PortugalMadeira
50%
ItalyUmbria
50%
ItalyCampania
49%
SwitzerlandBasel-Stadt
49%
SpainLa Rioja
48%
NetherlandsUtrecht
47%
SwedenGotland
47%
SpainCantabria
47%
GreeceEast Macedonia and Thrace
45%
AustriaUpper Austria
44%
AustriaLower Austria
44%
FranceHauts-de-France
44%
MonacoMonte Carlo
44%
IrelandGalway
44%
ItalyFriuli-Venezia Giulia
44%
IcelandNorthwestern
43%
IcelandNortheastern
43%
ItalyMarche
43%
United KingdomJersey
42%
NetherlandsLimburg
42%
IrelandLimerick
42%
NetherlandsNorth Brabant
41%
ItalyAbruzzo
41%
DenmarkFaroe Islands
41%
ItalyBasilicata
40%
NetherlandsGroningen
40%
ItalyMolise
40%
AustriaStyria
40%
FinlandÅland
40%
United KingdomGuernsey
38%
GreecePeloponnese
38%
AustriaCarinthia
38%
GreeceAttica
37%
DenmarkCentral Denmark
34%
NorwayTroms og Finnmark
34%
NetherlandsFlevoland
34%
AustriaBurgenland
33%
DenmarkNorth Denmark
33%
DenmarkSouthern Denmark
32%
GreeceIonian Islands
32%
GreeceEpirus
32%
SwitzerlandLucerne
32%
PortugalBraga
32%
MaltaSouth Eastern
32%
SwitzerlandValais
31%
MaltaGozo
31%
IrelandWaterford
31%
GreeceWest Macedonia
31%
GreeceCentral Macedonia
31%
United KingdomGibraltar
30%
SwitzerlandTicino
30%
AustriaVorarlberg
29%
NetherlandsOverijssel
29%
NetherlandsGelderland
29%
SwitzerlandSt. Gallen
29%
IrelandKilkenny
29%
NetherlandsDrenthe
29%
SwedenUppsala
28%
SwitzerlandNeuchâtel
28%
SwedenSkåne
28%
SwitzerlandVaud
28%
PortugalCoimbra
28%
SwitzerlandJura
27%
SwitzerlandGraubünden
27%
GreeceThessaly
27%
SwitzerlandBasel-Landschaft
26%
IrelandMayo
26%
SwitzerlandUri
26%
SwitzerlandFribourg
26%
IrelandDonegal
26%
GreeceNorth Aegean
25%
SwitzerlandSchaffhausen
25%
GreeceSouth Aegean
25%
SwitzerlandZug
25%
LiechtensteinSchaan
25%
IrelandKerry
24%
IrelandSligo
24%
SwitzerlandAppenzell Ausserrhoden
24%
IrelandWexford
23%
SwitzerlandSchwyz
23%
GreeceCentral Greece
23%
FinlandNorth Karelia
23%
GreeceWest Greece
23%
SwitzerlandAargau
23%
SwitzerlandAppenzell Innerrhoden
22%
FinlandSouth Karelia
22%
LuxembourgEsch-sur-Alzette
22%
PortugalSetúbal
22%
NorwayNordland
21%
SwitzerlandGlarus
21%
SwitzerlandObwalden
21%
SwitzerlandNidwalden
21%
IrelandClare
20%
IrelandTipperary
20%
IrelandMeath
20%
SwitzerlandThurgau
20%
PortugalÉvora
19%
SwitzerlandSolothurn
19%
IrelandWestmeath
19%
NorwayTrøndelag
19%
GreeceMount Athos
19%
IrelandOffaly
18%
SwedenKalmar
18%
PortugalAveiro
18%
IrelandKildare
18%
PortugalBragança
18%
FinlandSouthwest Finland
17%
SwedenNorrbotten
17%
IrelandRoscommon
17%
IrelandCavan
17%
FinlandOstrobothnia
17%
IrelandLouth
17%
IrelandWicklow
17%
FinlandCentral Finland
17%
PortugalLeiria
16%
IrelandMonaghan
16%
PortugalSantarém
16%
PortugalBeja
16%
IrelandLongford
16%
PortugalVila Real
16%
IrelandLeitrim
16%
IrelandCarlow
16%
IrelandLaois
16%
SwedenJämtland
15%
San MarinoSerravalle
15%
FinlandCentral Ostrobothnia
15%
FinlandSouth Ostrobothnia
15%
SwedenÖrebro
15%
FinlandNorth Ostrobothnia
15%
NorwayMøre og Romsdal
15%
FinlandUusimaa
15%
PortugalCastelo Branco
15%
SwedenVästerbotten
15%
PortugalPortalegre
15%
PortugalViana do Castelo
15%
PortugalViseu
15%
SwedenJönköping
14%
SwedenVästra Götaland
14%
NorwayVestfold og Telemark
14%
SwedenBlekinge
14%
SwedenÖstergötland
14%
IcelandWestfjords
14%
SwedenDalarna
13%
SwedenHalland
13%
FinlandSouthern Savonia
13%
FinlandNorthern Savonia
13%
NorwayAgder
13%
SwedenVärmland
13%
PortugalGuarda
13%
AndorraEscaldes-Engordany
12%
AndorraEncamp
12%
SwedenSödermanland
12%
NorwayInnlandet
12%
NorwayVestland
12%
IcelandSouthern Peninsula
12%
FinlandKainuu
12%
NorwayViken
12%
NorwayRogaland
12%
MonacoFontvieille
11%
FinlandKymenlaakso
11%
SwedenKronoberg
11%
FinlandTavastia Proper
11%
FinlandPirkanmaa
11%
LiechtensteinTriesen
11%
FinlandSatakunta
11%
LuxembourgDiekirch
11%
SwedenVästmanland
11%
SwedenGävleborg
10%
LuxembourgGrevenmacher
10%
AndorraSant Julià de Lòria
10%
AndorraOrdino
10%
AndorraCanillo
10%
MonacoLa Condamine
10%
LiechtensteinTriesenberg
10%
FinlandPäijänne Tavastia
10%
SwedenVästernorrland
10%
MonacoLarvotto
9%
MonacoLa Rousse
9%
LiechtensteinBalzers
9%
LuxembourgVianden
9%
AndorraLa Massana
9%
LiechtensteinEschen
9%
San MarinoBorgo Maggiore
8%
San MarinoFiorentino
8%
LiechtensteinGamprin
8%
LiechtensteinMauren
8%
LiechtensteinRuggell
8%
LiechtensteinSchellenberg
8%
MonacoLes Moneghetti
8%
LuxembourgClervaux
8%
San MarinoAcquaviva
8%
LuxembourgEchternach
8%
MonacoJardin exotique
8%
LiechtensteinPlanken
7%
LuxembourgMersch
7%
LuxembourgRemich
7%
LuxembourgWiltz
7%
San MarinoMontegiardino
7%
LuxembourgCapellen
7%
San MarinoChiesanuova
6%
San MarinoDomagnano
6%
San MarinoFaetano
6%
LuxembourgRedange
6%
MonacoRavin de Sainte-Dévote
5%

Score Distribution

Percentile by Number Answered

Percent of People with Each Score

Your Score History

You have not taken this quiz since the last reset